000 00825cam a2200241 4500
005 20260414151940.0
008 data
010 _a 72193148
040 _aDLC
_cDLC
_dDLC
050 0 0 _aPE1106
_b.P4 1972
082 0 0 _a428
092 _a428 P4 1972
100 1 _aPerrin, Porter Gale,
_d1896-1962.
245 1 0 _aReference handbook of grammar & usage.
_cPorter Gale Perrin & Porter Gale Perrin.
260 _aNew York,
_bMorrow,
_c1972.
300 _a297 p.
_billus.
_c24 cm.
350 _a{dollar}4.50
500 _aDerived from the author's Writer's guide and index to English.
650 0 _aEnglish language
_xHandbooks, manuals, etc.
_xHandbooks, manuals, etc.
650 0 _aEnglish language
_xHandbooks, manuals, etc.
_xHandbooks, manuals, etc.
700 1 _aPerrin, Porter Gale,
_d1896-1962.
_tIndex to English.
001 data
999 _c36
_d36